500 Biggest Cities in the South (U.S.) - Statistics

General Stats
  • This quiz has been taken 231 times
  • The average score is 164 of 500
Answer Stats
Population State Answer % Correct
961,855 TX Austin
97%
874,607 NC Charlotte
97%
1,304,379 TX Dallas
97%
2,304,580 TX Houston
97%
153,701 MS Jackson
97%
68,205 TN Jackson
97%
689,447 TN Nashville
97%
681,054 OK Oklahoma City
97%
498,715 GA Atlanta
96%
442,241 FL Miami
96%
1,434,625 TX San Antonio
96%
949,611 FL Jacksonville
95%
72,735 NC Jacksonville
95%
29,477 AR Jacksonville
95%
633,104 TN Memphis
95%
467,762 NC Raleigh
95%
384,959 FL Tampa
95%
678,815 TX El Paso
93%
383,997 LA New Orleans
93%
307,573 FL Orlando
93%
918,915 TX Fort Worth
91%
633,045 KY Louisville
91%
226,618 VA Richmond
91%
34,585 KY Richmond
91%
459,471 VA Virginia Beach
91%
322,570 KY Lexington
90%
227,470 LA Baton Rouge
89%
150,227 SC Charleston
87%
48,864 WV Charleston
87%
200,603 AL Montgomery
87%
413,066 OK Tulsa
87%
392,786 TX Arlington
85%
200,733 AL Birmingham
85%
147,780 GA Savannah
85%
307,573 TX Corpus Christi
84%
187,041 AL Mobile
84%
200,393 TX Amarillo
83%
299,101 NC Greensboro
83%
258,308 FL St. Petersburg
83%
196,169 FL Tallahassee
83%
182,760 FL Fort Lauderdale
82%
181,099 TN Chattanooga
81%
215,006 AL Huntsville
81%
45,941 TX Huntsville
81%
190,740 TN Knoxville
81%
136,632 SC Columbia
80%
41,690 TN Columbia
80%
283,588 NC Durham
80%
202,591 AR Little Rock
80%
202,081 GA Augusta
79%
208,470 NC Fayetteville
79%
93,949 AR Fayetteville
79%
257,141 TX Lubbock
79%
187,593 LA Shreveport
79%
26,444 FL Key West
78%
238,001 VA Norfolk
76%
127,315 GA Athens
73%
25,406 AL Athens
73%
255,205 TX Laredo
73%
138,486 TX Waco
73%
157,346 GA Macon
72%
159,461 VA Alexandria
71%
46,180 LA Alexandria
71%
249,415 VA Chesapeake
71%
141,085 FL Gainesville
71%
42,296 GA Gainesville
71%
87,628 NC Greenville
71%
70,720 SC Greenville
71%
29,670 MS Greenville
71%
28,164 TX Greenville
71%
121,374 LA Lafayette
71%
142,210 TX McAllen
71%
94,581 NC Asheville
70%
186,738 TX Brownsville
70%
285,494 TX Plano
70%
249,562 NC Winston-Salem
68%
194,016 FL Cape Coral
67%
206,922 GA Columbus
66%
132,524 TX Midland
66%
186,243 VA Newport News
66%
100,015 VA Roanoke
65%
115,282 TX Beaumont
64%
53,695 TX Galveston
64%
256,684 TX Irving
64%
54,312 FL Pensacola
64%
115,456 NC Wilmington
64%
86,395 FL Fort Myers
63%
223,109 FL Hialeah
63%
114,428 TX Odessa
63%
99,600 AL Tuscaloosa
63%
125,182 TX Abilene
62%
152,769 TN Murfreesboro
62%
120,511 TX College Station
61%
72,647 FL Daytona Beach
61%
128,026 OK Norman
61%
166,722 TN Clarksville
60%
82,890 FL Miami Beach
60%
204,851 FL Port St. Lucie
60%
89,142 AR Fort Smith
59%
117,415 FL West Palm Beach
59%
174,763 NC Cary
57%
246,018 TX Garland
57%
117,292 FL Clearwater
56%
139,869 TX Denton
56%
200,509 TX Frisco
56%
153,067 FL Hollywood
56%
84,872 LA Lake Charles
56%
195,308 TX McKinney
56%
102,316 TX Wichita Falls
56%
97,422 FL Boca Raton
55%
105,995 TX Tyler
55%
49,449 MS Biloxi
54%
72,926 MS Gulfport
53%
153,095 TX Killeen
53%
119,468 TX Round Rock
52%
99,893 TX San Angelo
52%
36,193 TX Texarkana
52%
29,387 AR Texarkana
52%
112,641 FL Lakeland
51%
114,852 SC North Charleston
51%
113,540 OK Broken Arrow
50%
83,454 TN Franklin
50%
78,576 AR Jonesboro
50%
35,682 SC Myrtle Beach
50%
151,950 TX Pasadena
50%
54,842 FL Sarasota
50%
111,026 TX Sugar Land
50%
196,100 TX Grand Prairie
49%
137,158 VA Hampton
49%
71,046 TN Johnson City
49%
104,627 TX Allen
48%
72,294 KY Bowling Green
48%
133,434 TX Carrollton
48%
26,738 GA Carrollton
48%
46,554 VA Charlottesville
48%
114,117 NC High Point
48%
84,678 FL Melbourne
48%
47,702 LA Monroe
48%
34,600 NC Monroe
48%
111,640 FL Miami Gardens
47%
76,143 AL Auburn
46%
134,394 FL Coral Springs
46%
32,939 FL Panama City
46%
25,347 VA Salem
46%
150,108 TX Mesquite
45%
40,184 AL Florence
44%
39,899 SC Florence
44%
31,946 KY Florence
44%
79,226 FL Kissimmee
44%
60,972 GA Marietta
44%
27,115 MS Pearl
44%
94,326 VA Suffolk
44%
108,080 GA Sandy Springs
43%
28,602 KY Frankfort
42%
63,591 FL Ocala
42%
35,014 AR Benton
41%
71,072 AL Dothan
41%
90,403 TX New Braunfels
41%
64,591 AR North Little Rock
41%
60,183 KY Owensboro
41%
105,318 NC Concord
40%
100,243 TX Edinburg
40%
90,381 OK Lawton
40%
119,469 TX Richardson
40%
44,833 VA Blacksburg
39%
46,842 WV Huntington
39%
79,007 VA Lynchburg
39%
134,721 FL Miramar
39%
119,760 FL Palm Bay
39%
65,818 GA Alpharetta
38%
54,164 AR Bentonville
38%
61,965 NC Chapel Hill
38%
114,392 TX League City
38%
111,822 TX Lewisville
38%
125,828 TX Pearland
38%
171,178 FL Pembroke Pines
38%
97,915 VA Portsmouth
38%
67,553 TX San Marcos
38%
38,732 SC Spartanburg
38%
55,378 GA Valdosta
38%
105,691 FL Davie
37%
48,730 MS Hattiesburg
37%
37,930 AR Hot Springs
37%
51,308 OK Enid
36%
27,981 KY Henderson
36%
92,606 AL Hoover
36%
37,923 MS Tupelo
36%
65,534 TX Victoria
36%
27,147 TN Bristol
35%
81,638 TX Longview
35%
60,191 FL North Miami
35%
92,833 GA Roswell
35%
51,898 TX Texas City
35%
57,938 AL Decatur
34%
24,928 GA Decatur
34%
94,428 OK Edmond
34%
67,176 TX Georgetown
34%
37,086 KY Georgetown
34%
84,161 AR Springdale
34%
82,073 TX Temple
34%
80,308 GA Warner Robins
34%
69,647 GA Albany
33%
27,979 VA Fredericksburg
33%
80,412 NC Gastonia
33%
25,416 MS Oxford
33%
56,039 TX Port Arthur
33%
89,956 TX Conroe
32%
56,933 AL Madison
32%
27,747 MS Madison
32%
90,801 SC Mount Pleasant
32%
41,253 AR Pine Bluff
32%
112,046 FL Pompano Beach
32%
107,436 GA South Fulton
32%
83,980 TX Bryan
31%
64,134 AR Conway
31%
24,809 SC Conway
31%
93,692 FL Deltona
31%
51,810 VA Harrisonburg
31%
82,485 FL Largo
31%
74,372 SC Rock Hill
31%
37,713 GA Rome
31%
62,793 OK Moore
30%
30,347 WV Morgantown
30%
24,520 AR West Memphis
30%
62,701 LA Bossier City
29%
55,698 FL Bradenton
29%
82,453 GA Johns Creek
29%
61,047 FL Jupiter
29%
35,052 MS Meridian
29%
49,248 FL Coral Gables
28%
37,661 SC Hilton Head Island
28%
74,259 TX Missouri City
28%
50,631 TX Grapevine
27%
55,442 TN Kingsport
27%
97,335 FL Sunrise
27%
28,106 SC Anderson
26%
71,829 TX Harlingen
26%
80,737 FL Homestead
26%
27,137 KY Paducah
26%
89,258 FL Palm Coast
26%
54,648 MS Southaven
26%
48,394 OK Stillwater
26%
83,701 TX Baytown
25%
75,956 TX Flower Mound
25%
43,491 NC Hickory
25%
66,448 LA Kenner
25%
42,773 VA Manassas
25%
85,778 TX Mission
25%
43,645 TX Sherman
25%
55,663 GA Smyrna
25%
53,070 TN Smyrna
25%
77,595 TX Cedar Park
24%
33,667 NC Goldsboro
24%
33,406 LA Houma
24%
33,457 VA Petersburg
24%
54,334 NC Rocky Mount
24%
69,908 AR Rogers
24%
28,122 VA Winchester
24%
57,306 NC Burlington
23%
61,753 TN Hendersonville
23%
43,463 SC Sumter
23%
27,052 WV Wheeling
23%
40,961 KY Covington
22%
79,715 TX Pharr
22%
91,750 FL Plantation
22%
80,380 FL Boynton Beach
21%
42,592 VA Danville
21%
86,859 FL Deerfield Beach
21%
56,145 TX DeSoto
21%
48,252 VA Leesburg
21%
27,000 FL Leesburg
21%
36,878 OK Muskogee
21%
32,147 TX Nacogdoches
21%
53,119 NC Kannapolis
20%
31,291 NC New Bern
20%
74,793 FL North Port
20%
31,125 AL Northport
20%
65,191 TX Pflugerville
20%
50,915 SC Summerville
20%
49,219 FL Winter Haven
20%
47,356 TN Cleveland
19%
66,846 FL Delray Beach
19%
41,275 TX Lancaster
19%
69,917 TX North Richland Hills
19%
24,476 TX Paris
19%
61,051 FL Sanford
19%
30,188 NC Sanford
19%
64,180 NC Apex
18%
25,138 MS Brandon
18%
27,462 AL Daphne
18%
34,673 TX Del Rio
18%
41,333 TN Germantown
18%
72,602 TX Mansfield
18%
25,754 VA Staunton
18%
47,864 NC Wilson
18%
31,394 KY Elizabethtown
17%
61,376 NC Huntersville
17%
58,409 OK Midwest City
17%
43,676 FL North Miami Beach
17%
29,738 WV Parkersburg
17%
47,251 TX Rockwall
17%
47,855 NC Wake Forest
17%
33,036 GA Kennesaw
16%
45,697 TX Kyle
16%
38,816 AL Phenix City
16%
62,535 TX Rowlett
16%
68,107 FL Weston
16%
54,873 FL Apopka
15%
57,786 TN Bartlett
15%
49,928 TX Bedford
15%
49,148 TX Cedar Hill
15%
75,874 FL Doral
15%
31,873 GA Duluth
15%
40,706 TX Duncanville
15%
45,776 TX Keller
15%
59,202 TX Leander
15%
28,781 LA Slidell
15%
24,360 MS Starkville
15%
33,438 GA Statesboro
15%
48,789 FL Titusville
15%
57,526 TX Wylie
15%
53,644 FL Bonita Springs
14%
61,032 TX Euless
14%
47,297 FL Fort Pierce
14%
33,945 AL Gadsden
14%
50,240 NC Mooresville
14%
50,005 TN Spring Hill
14%
28,453 NC Statesville
14%
41,140 TX Waxahachie
14%
61,637 FL Wellington
14%
27,171 NC Asheboro
13%
55,161 GA Brookhaven
13%
32,973 GA Canton
13%
74,482 FL Lauderhill
13%
44,534 TX The Colony
13%
34,417 GA Dalton
12%
28,130 TX Eagle Pass
12%
38,431 TN Lebanon
12%
38,244 GA Peachtree City
12%
35,548 NC Salisbury
12%
58,964 FL St. Cloud
12%
40,160 TX Weslaco
12%
26,317 NC Clayton
11%
51,324 TN Collierville
11%
35,308 SC Greer
11%
40,413 TX Hurst
11%
46,453 TX Little Elm
11%
34,143 TX Lufkin
11%
42,549 GA Newnan
11%
39,711 MS Olive Branch
11%
42,243 GA Peachtree Corners
11%
32,025 SC Aiken
10%
46,231 FL Altamonte Springs
10%
47,641 TX Burleson
10%
28,100 MS Clinton
10%
42,983 TX Coppell
10%
36,670 TX Copperas Cove
10%
51,683 GA Dunwoody
10%
35,991 TX Farmers Branch
10%
45,946 SC Goose Creek
10%
31,180 KY Hopkinsville
10%
35,124 TX La Porte
10%
47,295 FL Ocoee
10%
53,093 FL Pinellas Park
10%
38,282 TX Rosenberg
10%
28,940 AR Russellville
10%
31,377 OK Shawnee
10%
26,738 GA Union City
10%
37,290 OK Bartlesville
9%
26,019 AL Bessemer
9%
28,609 OK Bixby
9%
45,373 TN Brentwood
9%
57,833 FL Coconut Creek
9%
25,109 TX Corsicana
9%
34,495 TX Deer Park
9%
37,351 FL DeLand
9%
24,521 SC Fort Mill
9%
41,213 TX Friendswood
9%
44,431 TN Gallatin
9%
46,073 TX Haltom City
9%
26,736 MS Horn Lake
9%
30,858 GA LaGrange
9%
58,712 FL Margate
9%
39,289 TN Mount Juliet
9%
28,555 LA New Iberia
9%
30,995 AL Opelika
9%
59,182 FL Palm Beach Gardens
9%
26,890 FL Palm Springs
9%
39,764 FL Plant City
9%
62,596 FL Port Orange
9%
42,002 TX Schertz
9%
34,306 TX Socorro
9%
31,265 TX Southlake
9%
59,194 GA Stonecrest
9%
71,897 FL Tamarac
9%
25,463 FL Venice
9%
39,102 AL Vestavia Hills
9%
30,854 TX Weatherford
9%
33,284 AL Alabaster
8%
26,144 TX Big Spring
8%
27,466 TX Converse
8%
27,134 FL Crestview
8%
45,425 FL Cutler Bay
8%
34,650 GA Douglasville
8%
41,258 NC Holly Springs
8%
40,069 NC Indian Trail
8%
28,177 TX Lake Jackson
8%
29,633 NC Morrisville
8%
24,379 SC North Augusta
8%
44,794 FL North Lauderdale
8%
31,402 TN Oak Ridge
8%
29,433 TX Seguin
8%
25,117 FL Tarpon Springs
8%
46,964 FL Winter Garden
8%
27,098 TX Alvin
7%
30,104 AR Bella Vista
7%
24,479 TX Denison
7%
36,068 FL Dunedin
7%
31,197 NC Garner
7%
41,217 FL Hallandale Beach
7%
34,891 GA Hinesville
7%
28,676 KY Independence
7%
25,402 TX Kingsville
7%
30,629 GA Lawrenceville
7%
30,431 TN Morristown
7%
43,475 FL Ormond Beach
7%
34,670 FL Parkland
7%
40,242 FL Aventura
6%
31,352 TX Cleburne
6%
26,057 TX Colleyville
6%
34,842 TN Cookeville
6%
31,723 FL Dania Beach
6%
34,237 NC Fuquay-Varina
6%
29,427 NC Matthews
6%
41,296 GA Milton
6%
44,229 FL Oakland Park
6%
24,424 OK Ponca City
6%
37,005 GA Tucker
6%
25,278 TX University Park
6%
29,795 FL Winter Park
6%
27,685 TX Balch Springs
5%
27,716 SC Bluffton
5%
30,164 GA Chamblee
5%
31,410 NC Cornelius
5%
36,939 FL Estero
5%
43,990 FL Greenacres
5%
27,577 TX Hutto
5%
28,474 KY Jeffersontown
5%
25,949 OK Jenks
5%
42,219 FL Lake Worth Beach
5%
35,954 FL Lauderdale Lakes
5%
31,907 TN Maryville
5%
40,059 FL Oviedo
5%
29,537 AR Paragould
5%
30,174 TX Prosper
5%
35,294 TX San Juan
5%
35,065 GA Woodstock
5%
24,725 OK Ardmore
4%
26,569 AR Cabot
4%
29,565 LA Central
4%
28,711 AL Enterprise
4%
33,097 TX Harker Heights
4%
24,646 VA Herndon
4%
26,414 AL Homewood
4%
26,461 NC Kernersville
4%
30,467 FL Miami Lakes
4%
35,125 TX Midlothian
4%
31,093 KY Nicholasville
4%
38,240 OK Owasso
4%
24,439 FL Palmetto Bay
4%
37,781 AL Prattville
4%
24,340 MS Ridgeland
4%
37,604 FL Riviera Beach
4%
38,932 FL Royal Palm Beach
4%
27,103 TX Sachse
4%
25,054 FL Sebastian
4%
32,731 AR Sherwood
4%
27,169 NC Thomasville
4%
24,520 TX Benbrook
3%
32,276 TX Cibolo
3%
43,021 FL Clermont
3%
34,401 FL Cooper City
3%
38,358 GA East Point
3%
38,719 TN La Vergne
3%
24,724 SC Mauldin
3%
29,051 GA McDonough
3%
26,445 NC Mint Hill
3%
30,142 FL New Smyrna Beach
3%
24,318 AL Pelham
3%
25,711 GA Pooler
3%
24,861 TX San Benito
3%
28,973 GA Stockbridge
3%
26,690 FL Temple Terrace
3%
26,123 AL Trussville
3%
38,342 FL Winter Springs
3%
28,794 FL Casselberry
2%
26,669 FL Haines City
2%
27,678 FL Rockledge
2%
25,076 GA Sugar Hill
2%
25,924 FL West Melbourne
2%
No matching quizzes found
Score Distribution
Percent of People with Each Score
Percentile by Number Answered
Your Score History
You have not taken this quiz